| 000 | 00802cab a2200265 4500 | ||
|---|---|---|---|
| 001 | ABS56866 | ||
| 008 | 090401t1997 xxu||||| |||| 00| 0 eng d | ||
| 035 | _a(Sirsi) u77942 | ||
| 041 | _aeng | ||
| 100 | _aLewison, K. | ||
| 245 | _aLong arm of the law reaches rents | ||
| 260 | _c1997 | ||
| 350 | _a0 | ||
| 490 |
_aProperty Week _v59(2) 11 April 1997, 21(1) |
||
| 520 | _aUses case law to demonstrate tenants rights when attempting to secure a downwards rent review. | ||
| 650 | _aADDIN INVESTMENTS V SOS ENVIRONMENT | ||
| 650 | _aDOWNWARDS RENT REVIEW | ||
| 650 | _aMARKET RENTS | ||
| 650 | _aRENT REVIEW CLAUSE | ||
| 650 | _aRENT REVIEWS | ||
| 650 | _aROYAL BANK OF SCOTLAND V JENNINGS & OTHERS | ||
| 690 | _aLANDLORD AND TENANT-RENT REVIEWS | ||
| 942 | _n0 | ||
| 948 | _c25/04/1997 | ||
| 999 |
_c49015 _d49015 |
||